1363 1102 1661 1562 1290 1418 1841 1078 1834 1040 1156 1994 1535 1527 1259 1694 1972 1700 1970 1912 1410 1678 1039 1278 1899 1843 1838 1778 1823 1616 1778 1704 1105 1380 1666 1335 1621 1326 1770 1535 1922 1724 1213 1132 1806 1117 1058 1331 1225 1239 1003 1967 1588 1285 1897 1026 1197 1578 1251 1446 1459 1639 1384 1681 1682 1500 1495 1309 1759 1441 1414 1473 1217 1021 1762 1525 1029 1738 1134 1021 1338 1502 1988 1916 1405 1401 1824 1431 1926 1510 1919 1909 1198 1361 1065 1149 1905 1237 1461 BCNSPRNW ULIB Ver.6.0+V

เปลี่ยนเป็นภาษาไทย

Change to English
 แสดงรายละเอียดบรรณานุกรม
  กลับหน้าหลัก

Brief Record : Get Marc (ISO 2709) : E-mail record : QR code < ปิดหน้าต่าง
LEADER : 00000nam 2200000uu 4500
001    13399111033
003     ULIB
008    110615s||||||||th 000 0 tha d
020    9745281018
050  4 BF637.58^bT111ค 2551
100 0  Tack Vacharat
245 10 ค้นพบตนเอง /^cTack Vacharat
250    พิมพ์ครั้งที่ 1
260    กรุงเทพฯ :^bผลึกไทย,^c2551
300    139 หน้า
650  7 ค้นพบตนเอง
945    ^p145^l0^i025151
945    ^p145^l0^i024647
995    ทศพร
999 ^a ใช้งานได้ทุกระบบ
รายการนี้ยังไม่มีแท็ก
คุณยังไม่ได้ล็อกอิน คุณสามารถมีกิจกรรมร่วมกับเว็บไซต์ได้ แต่ต้องล็อกอินก่อน ::
  ล็อกอิน

รายการสื่อสารสนเทศ

ลำดับที่ ประเภท เลขเรียก/บาร์โค้ด สถานที่ สถานะ
- ไม่พบข้อมูล -

รายการใกล้เคียง
    ผู้แต่ง [Tack Vacharat]

BibComment


ยังไม่เคยถูกคอมเมนท์

คอมเมนท์ทรัพยากรรายการนี้
  คอมเมนท์: ค้นพบตนเอง Tack ..


 Copyright 2026. Bcnsprnw @Library